Sports Quiz

Random Sports or MLB Quiz
Score 0/115 Timer 15:00
4 Plays Today
Team Pitcher % Correct
2019 NationalsMax Scherzer
90.9%
2001 DiamondbacksRandy Johnson
83%
1924 SenatorsWalter Johnson
82.6%
2018 Red SoxChris Sale
81%
2016 CubsJake Arrieta
77.7%
2014 GiantsMadison Bumgarner
77.5%
2004 Red SoxPedro Martinez
73.1%
2012 GiantsTim Lincecum
73.1%
2010 GiantsTim Lincecum
73.1%
1983 OriolesDennis Martinez
72.6%
2013 Red SoxJon Lester
70.8%
1999 YankeesRoger Clemens
70.4%
2011 CardinalsChris Carpenter
69.5%
2006 CardinalsChris Carpenter
69.5%
2009 YankeesCC Sabathia
68.7%
1995 BravesGreg Maddux
68.3%
2017 AstrosDallas Keuchel
64.3%
2007 Red SoxCurt Schilling
62.2%
2003 MarlinsJosh Beckett
59.8%
1962 YankeesWhitey Ford
57%
1961 YankeesWhitey Ford
57%
1998 YankeesAndy Pettitte
56.9%
1967 CardinalsBob Gibson
56.7%
1996 YankeesDavid Cone
56.2%
1993 Blue JaysJack Morris
55.3%
1992 Blue JaysJack Morris
55.3%
1991 TwinsJack Morris
55.3%
1984 TigersJack Morris
55.3%
1986 MetsDwight Gooden
52.8%
1969 MetsTom Seaver
52.5%
1903 AmericansCy Young
49.6%
1997 MarlinsKevin Brown
48.3%
1965 DodgersDon Drysdale
47.9%
1963 DodgersDon Drysdale
47.9%
1959 DodgersDon Drysdale
47.9%
2000 YankeesOrlando Hernandez
46.6%
1980 PhilliesSteve Carlton
45.8%
2005 White SoxMark Buehrle
45.5%
1977 YankeesCatfish Hunter
45.4%
Team Pitcher % Correct
1974 AthleticsCatfish Hunter
45.4%
1973 AthleticsCatfish Hunter
45.4%
1918 Red SoxBabe Ruth
45.1%
1916 Red SoxBabe Ruth
45.1%
1989 AthleticsDave Stewart
44.2%
1988 DodgersFernando Valenzuela
43.4%
1981 DodgersFernando Valenzuela
43.4%
1978 YankeesRon Guidry
39.6%
1957 BravesWarren Spahn
37.5%
2015 RoyalsYordano Ventura
37.4%
1948 IndiansBob Feller
35.4%
1930 AthleticsLefty Grove
34.6%
1934 CardinalsDizzy Dean
31.4%
1937 YankeesLefty Gomez
29.8%
1936 YankeesLefty Gomez
29.8%
1932 YankeesLefty Gomez
29.8%
1987 TwinsBert Blyleven
29.4%
1979 PiratesBert Blyleven
29.4%
1958 YankeesDon Larsen
27.8%
1956 YankeesDon Larsen
27.8%
1917 White SoxLefty Williams
22.6%
1990 RedsTom Browning
21.3%
1970 OriolesDave McNally
19.6%
1939 YankeesRed Ruffing
18.4%
1938 YankeesRed Ruffing
18.4%
2008 PhilliesBrett Myers
18.2%
1945 TigersHal Newhouser
18.1%
1933 GiantsCarl Hubbell
17.6%
2002 AngelsJarrod Washburn
15.9%
1968 TigersEarl Wilson
14.9%
1971 PiratesDock Ellis
14.1%
1975 RedsDon Gullett
13.7%
1950 YankeesAllie Reynolds
13.6%
1927 YankeesWaite Hoyt
12.8%
1910 AthleticsEddie Plank
12.1%
1985 RoyalsBud Black
11.9%
1982 CardinalsBob Forsch
11.8%
1912 Red SoxJoe Wood
11.7%
1972 AthleticsKen Holtzman
10.4%
Team Pitcher % Correct
1976 RedsGary Nolan
9.1%
1953 YankeesVic Raschi
9%
1952 YankeesVic Raschi
9%
1951 YankeesVic Raschi
9%
1960 PiratesBob Friend
8.7%
1928 YankeesHerb Pennock
8.2%
1911 AthleticsChief Bender
7.8%
1954 GiantsSal Maglie
7.6%
1942 CardinalsMort Cooper
7.3%
1949 YankeesEddie Lopat
7%
1947 YankeesSpud Chandler
6.7%
1905 GiantsJoe McGinnity
6.6%
1955 DodgersCarl Erskine
4.8%
1920 IndiansStan Coveleski
4.7%
1908 CubsOrval Overall
4.3%
1907 CubsOrval Overall
4.3%
1935 TigersSchoolboy Rowe
3.8%
1923 YankeesBob Shawkey
3.4%
1940 RedsPaul Derringer
3.2%
1966 OriolesSteve Barber
3.2%
1964 CardinalsErnie Broglio
2.8%
1915 Red SoxErnie Shore
2.6%
1913 AthleticsJack Coombs
2.3%
1943 YankeesTiny Bonham
1.9%
1922 GiantsArt Nehf
1.8%
1914 BravesLefty Tyler
1.8%
1941 YankeesMarius Russo
1.7%
1906 White SoxFrank Owen
1.4%
1944 CardinalsMax Lanier
1.3%
1919 RedsDutch Ruether
1.2%
1909 PiratesHowie Camnitz
1.2%
1921 GiantsPhil Douglas
1.2%
1931 CardinalsFlint Rhem
1.1%
1926 CardinalsFlint Rhem
1.1%
1946 CardinalsJohnny Beazley
1%
1925 PiratesEmil Yde
1%
1929 AthleticsCarroll Yerkes
0.8%

You're not logged in!

Compare scores with friends on all Sporcle quizzes.
OR
Log In

Sporcle TV

Today on Sporcle TV


Watch our educational content, quiz creation guides, and fun videos on Sporcle TV.

Show Comments

Extras

Top Quizzes Today


Score Distribution

Paid Content

Your Account Isn't Verified!

In order to create a playlist on Sporcle, you need to verify the email address you used during registration. Go to your Sporcle Settings to finish the process.

Report this User

Report this user for behavior that violates our Community Guidelines.

Details: